|
|
|
|
| LEADER |
00000cam a22000004a 4500 |
| 001 |
musev2_15564 |
| 003 |
MdBmJHUP |
| 005 |
20230905041708.0 |
| 006 |
m o d |
| 007 |
cr||||||||nn|n |
| 008 |
100621t20102010quc o 00 0 fre d |
| 020 |
|
|
|a 9782760526303
|
| 020 |
|
|
|z 9782760526297
|
| 035 |
|
|
|a (OCoLC)759158091
|
| 040 |
|
|
|a MdBmJHUP
|c MdBmJHUP
|
| 100 |
1 |
|
|a Olivier, Lawrence,
|d 1953-
|
| 245 |
1 |
0 |
|a Argumenter son mémoire ou sa thèse /
|c Lawrence Olivier et Jean-François Payette avec la collaboration de Maxime Grenier-Labrecque.
|
| 264 |
|
1 |
|a Quebec [Que.] :
|b Presses de l'Universite du Quebec,
|c 2010
|
| 264 |
|
3 |
|a Baltimore, Md. :
|b Project MUSE,
|c 2013
|
| 264 |
|
4 |
|c ©2010
|
| 300 |
|
|
|a 1 online resource (132 pages):
|b illustrations, numerique, fichier PDF
|
| 336 |
|
|
|a text
|b txt
|2 rdacontent
|
| 337 |
|
|
|a computer
|b c
|2 rdamedia
|
| 338 |
|
|
|a online resource
|b cr
|2 rdacarrier
|
| 500 |
|
|
|a Publie dans le cadre de la Bibliotheque numerique canadienne, la Collection des editeurs canadiens.
|
| 505 |
0 |
|
|a La structure argumentative -- Argumentaire et raisonnement -- Preuve, arguments et these -- Écrire pour convaincre : la rhetorique de l'ecriture -- Conclusion.
|
| 588 |
|
|
|a Description based on print version record.
|
| 650 |
|
7 |
|a Reasoning.
|2 fast
|0 (OCoLC)fst01091282
|
| 650 |
|
7 |
|a Persuasion (Rhetoric)
|2 fast
|0 (OCoLC)fst01058895
|
| 650 |
|
7 |
|a Dissertations, Academic.
|2 fast
|0 (OCoLC)fst00895423
|
| 650 |
|
7 |
|a SOCIAL SCIENCE / Methodology
|2 bisacsh
|
| 650 |
|
6 |
|a Theses et ecrits academiques.
|
| 650 |
|
6 |
|a Argumentation.
|
| 650 |
|
6 |
|a Persuasion (Rhetorique)
|
| 650 |
|
6 |
|a Raisonnement.
|
| 650 |
|
2 |
|a Academic Dissertations as Topic
|
| 650 |
|
0 |
|a Dissertations, Academic.
|
| 650 |
|
0 |
|a Persuasion (Rhetoric)
|
| 650 |
|
0 |
|a Reasoning.
|
| 655 |
|
6 |
|a Livres electroniques.
|
| 655 |
|
7 |
|a Electronic books.
|2 local
|
| 700 |
1 |
|
|a Payette, Jean-François,
|d 1979-
|
| 700 |
1 |
|
|a Grenier-Labrecque, Maxime.
|
| 710 |
2 |
|
|a Project Muse.
|e distributor
|
| 830 |
|
0 |
|a Book collections on Project MUSE.
|
| 856 |
4 |
0 |
|z Texto completo
|u https://projectmuse.uam.elogim.com/book/15564/
|
| 945 |
|
|
|a Project MUSE - Custom Collection
|
| 945 |
|
|
|a Project MUSE - Archive Higher Education Supplement
|
| 945 |
|
|
|a Project MUSE - Archive Complete Supplement
|